LEADER 01456nam a2200277 i 4500 001 000000048016 003 CaOOAMICUS 005 20231228121703.0 008 121113s1737 it u000 u lat u 013 $a19186 026 $aatri t.t, eoe- acco (3) 1737 (R) 040 $aSeMil$bita 100 1 $aAmat de Graverson, Ignace Hyacinthe,$d<1670-1733>.$0(OLS)http://semarc/name/23835 245 10$aEpistolae apologeticae p. Ignatii Hyacinthi Amat de Graveson theologi casanatensis Ordinis ff. praedicatorum ad amicum pro doctrina ss. Agustini et Thomae ... in studiorum s. theologiae contractae. 260 $aVeronae :$bEx Typographia Jacobi Vallarsii,$c1737. 300 $a[30], 528 p. ;$c8°. 500 $aFregio xilogr. sul front. 500 $aIniz. e fregi xilogr. 500 $aSegn.: *8 2*8(-2*1) A-2K8 650 4$aApologetica - Opere anteriori al 1900.$0(OLS)http://semarc/subject/2578 700 1 $aVallarsi, Jacopo,$c.$0(OLS)http://semarc/name/11096 850 $aSeMil 852 $aSeMil$W1$xVenegono$y1$m2D II 46 FA$j14171$B14171$CSeMilBibl$Z2$F14171 $8I 996 $6245$aEpistolae apologeticae p. Ignatii Hyacinthi Amat de Graveson theologi casanatensis Ordinis ff. praedicatorum ad amicum pro doctrina ss. Agustini et Thomae ... in studiorum s. theologiae contractae$9(OLS)http://semarc/title/72532 996 $6260$aVeronae :$bEx Typographia Jacobi Vallarsii$9(OLS)http://semarc/publisher/40988 LEADER 01225nam a2200253 i 4500 001 000000195203 003 CaOOAMICUS 005 20101203000000.0 008 101203s1981 it u000 u ita u 013 $a173869 040 $aSeMil$bita 245 13$aLa sapienza del cuore :$bGiovanni 23. /$cInediti a cura di Mario Marchiando Pacchiola ; presentazione di Loris Francesco Capovilla. 260 $a[S.l. :$bs.n.],$cstampa 1981$e(Pinerolo (Torino) :$fArti Grafiche,$gstampa 1981) 300 $a47 p. :$bill. ;$c24 cm. 500 $aIn calce al front. : 1881-1981 centenario della nascita di Giovanni 23. - Fondo Card. C.M. Martini. 600 04$aGiovanni XXIII .$0(OLS)http://semarc/subject/3422 700 1 $aMarchiando Pacchiola, Mario.$0(OLS)http://semarc/name/38496 700 1 $aCapovilla, Loris Francesco,$c.$0(OLS)http://semarc/name/7915 850 $aSeMil 852 $aSeMil$W1$xVenegono$y1$m5A XII 8/1$j145772$B145772$CSeMilBibl$Z2$F157316 $81 941 1 $a4 961 $aOmaggio: Martini Card. Carlo Maria 996 $6245$aLa sapienza del cuore :$bGiovanni 23.$9(OLS)http://semarc/title/281575 996 $6260$a[S.l. :$bs.n.]$9(OLS)http://semarc/publisher/29751